00310nam a2200133Ia 45000030006000000080041000060400015000471000026000622450022000882600033001103000006001435460010001490050017001590STCL150530s9999 xx 000 0 und d aSTCLcSTCL aDineshnandhini Dalmia aKandeel Ka Dhuvan bNational; Delhic1980aDelhi a0 aHindi20220125171226.0